000
00337nam a2200145Ia 4500
008
151213s9999 xx 000 0 und d
100
_a
J.G.Starke
245
_a
International Law
_c
J.G.Starke
260
_a
New Delhi
_b
Aditya Books
_c
1994
300
_a
2102 p.
650
_a
Law
650
_a
Law
700
_a
J.G.Starke
999
_c
1549
_d
1549